Hydrogen Element Quiz - Statistics

General Stats
  • This quiz has been taken 6 times
  • The average score is 9 of 15
Answer Stats
Hint Answer % Correct
Periodic # 1
100%
# of valence electrons 1
100%
Atomic Symbol H
100%
Global warming contributing compound released by cow flatulence and permafrost Methane
83%
Naturally occurring isotopes Deuterium
67%
Type of water made with a rare isotope of hydrogen Heavy water
67%
Common disinfectant used on wounds Hydrogen Peroxide
67%
Hydrogen-filled Zeppelin that caught fire in New Jersey LZ 129 Hindenburg
67%
Naturally occurring isotopes Tritium
67%
...who discovered it in the year 1766
33%
Discovered by Henry Cavendish
33%
Atomic group nonmetals
33%
Hydrogen bonds allow for this strong intermolecular force in liquids Surface tension
33%
Fossil fuel found in geological formations that consists primarily of hydrogen Natural gas
17%
Naturally occurring isotopes Protium
17%
No matching quizzes found
Score Distribution
Percent of People with Each Score
Percentile by Number Answered
Your Score History
You have not taken this quiz